Представление документа в формате MARC21

Поле Инд. ПП Название Значение
Тип записи a
Библиографический уровень m
001 Контрольный номер RU/IS/BASE/374773848
005 Дата корректировки 20260601125126.3
020 a ISBN 978-5-7695-5744-6
c Цена, тираж 338 р. 80 к.
080 a Индекс УДК 658(075.8)
090 a Полочн. индекс 658
x Авторский знак И 20
097 b Оператор *Ст*
b Оператор *Фа-С*
b Оператор *Вин*
100 1_ a Автор Иванов Г.Г.
245 10 a Заглавие Экономика торгового предприятия
b Продолж. заглавия учебник для вузов по спец. "Экономика и управление предприятием (по отраслям)"
b Продолж. заглавия в составе учебно-методического комплекса
260 a Место издания Москва
b Издательство Академия
c Дата издания 2010
300 a Объем 318 с.
440 _0 a Серия Высшее профессиональное образование. Экономика и управление
440 _0 a Серия УМК-У
516 8_ a Прим. о типе комп. файла/ данных Текст : непосредственный
520 0_ a Аннотация В учебнике подробно изложен экономический механизм функционирования торговых предприятий в современных условиях, проанализированы возможные пути повышения их эффективности. Рассмотрены экономические категории, присущие хозяйственной деятельности торговых предприятий: товарооборот, товарные запасы, основные фонды, оборотные средства, прибыль, рентабельность и др. Приведены основные экономические показатели, количественно характеризующие данные категории. Особое внимание уделено вопросам планирования торговой деятельности предприятия.
583 a Действие Перевод
a Действие Приписка : УМК
653 0_ a Ключевые слова Товарное обеспечение
a Ключевые слова Товарооборот
a Ключевые слова Торговые предприятия
a Ключевые слова Трудовые ресурсы
655 07 a Жанр/ форма (устаревшее) У
773 18 w Контрольный № источника 670889b046e0446f8c1d5bec5177257e
900 a Имя макрообъекта 001-000089149-000000000-0000-0000-00
901 t Тип документа m
905 a Дата создания записи 16.12.11
d Дата перевода 13.05.26
c Дата приписки 01.06.26
940 a ФУСК
952 a Тип литературы для КСУ ВШ У1
954 c 16.12.11
990 h N записи в КСУ для Б/У (DOS) 50/2011
j Количество экземпляров (DOS) 6
c Приоритет заказа (DOS) о
f Даты поступлений (DOS) 28.10.11
g Размещение заказа (DOS) Академия